书目信息 |
| 书名: | Hi-fi stereo handbook | |
| 作者: | by William F. Boyce. | |
| 分册号: | ||
| 分册名: | 出版地: | Indianapolis : |
|
| 出版社: | H. W. Sams | |
| 出版时间: | c1978. | |
| 页数: | 488 p. : | |
| 开本: | 22 cm. | |
| 丛书名: | ||
| 中图分类号: | ||
| 科图分类号: | ||
| 其他分类号: | TN912.2-62 | |
| 主题词: | ||
| 电子资源: | ||
| 000 | 00845nam a2200277 i 450 | |
| 001 | E0756318669 | |
| 005 | 20070726081334.34 | |
| 008 | 790402s1978 inua 001 0 eng | |
| 010 | @a78063121 | |
| 020 | @a0672215640 :@cCNY11.95. | |
| 035 | @A(DLC) 78063121 | |
| 040 | @aDLC@cDLC@dDLC | |
| 050 | 00 | @aTK7881.7@b.B6 1978 |
| 082 | 00 | @a621.389/33 |
| 090 | @aTN912.2-62 | |
| 099 | @dTN912.2-62@ex4 | |
| 100 | 1 | @aBoyce, William Francis,@d1916- |
| 245 | 10 | @aHi-fi stereo handbook / @cby William F. Boyce. |
| 250 | @a5th ed. | |
| 260 | @aIndianapolis :@bH. W. Sams,@cc1978. | |
| 300 | @a488 p. :@bill. ;@c22 cm. | |
| 500 | @aIncludes index. | |
| 650 | 0 | @aStereophonic sound systems. |
| 650 | 0 | @aHigh-fidelity sound systems. |
| 906 | @a7@bcbc@corignew@d2@eopcn@f19@gy-gencatlg | |
| 991 | @bc-GenColl@hTK7881.7@i.B6 1978@tCopy 1@wBOOKS | |
| Hi-fi stereo handbook / / by William F. Boyce.-5th ed.-Indianapolis : : H. W. Sams, , c1978. |
| 488 p. : : ill. ; ; 22 cm. |
| Includes index. |
| ISBN 0672215640 :CNY11.95. |
| ● |
| 相关链接 |
|
|
|
|
正题名:Hi-fi stereo handbook
索取号:TN912.2-62/x4
 
预约/预借
| 序号 | 登录号 | 条形码 | 馆藏地/架位号 | 状态 | 备注 |
| 1 | 0000242 | 300002422 | 第四借阅区/ [索取号:TN912.2-62/x4] | 在馆 | |
| 2 | 13922 | 300139222 | 密集书库/ [索取号:TN912.2-62/x4] | 在馆 |